<?xml version="1.0" encoding="UTF-8"?>
<collection xmlns="http://www.loc.gov/MARC21/slim">
 <record>
  <leader>01408aam a22002298a 4500</leader>
  <controlfield tag="001">NCT_25993</controlfield>
  <controlfield tag="008">090916s2009                  ||||||viesd</controlfield>
  <datafield tag="999" ind1=" " ind2=" ">
   <subfield code="c">1243</subfield>
   <subfield code="d">1243</subfield>
  </datafield>
  <datafield tag="020" ind1=" " ind2=" ">
   <subfield code="c">30000</subfield>
  </datafield>
  <datafield tag="082" ind1="0" ind2="4">
   <subfield code="2">23rd ed.</subfield>
   <subfield code="a">697.9</subfield>
   <subfield code="b">C454</subfield>
  </datafield>
  <datafield tag="100" ind1="1" ind2=" ">
   <subfield code="a">Nguyễn Huy Côn</subfield>
  </datafield>
  <datafield tag="245" ind1="1" ind2="0">
   <subfield code="a">Kiến trúc và môi sinh</subfield>
   <subfield code="c">Nguyễn Huy Côn</subfield>
  </datafield>
  <datafield tag="260" ind1=" " ind2=" ">
   <subfield code="a">H.</subfield>
   <subfield code="b">Xây dựng</subfield>
   <subfield code="c">2004</subfield>
  </datafield>
  <datafield tag="300" ind1=" " ind2=" ">
   <subfield code="a">192tr.</subfield>
   <subfield code="c">24 cm</subfield>
  </datafield>
  <datafield tag="520" ind1="3" ind2=" ">
   <subfield code="a">Những vấn đề về mối quan hệ giữa khí hậu - con người - kiến trúc. Kiến trúc thích nghi với khí hậu - con người - môi trường và xây dựng. Môi trường trong nhà, kiến trúc sinh thái...</subfield>
  </datafield>
  <datafield tag="653" ind1=" " ind2=" ">
   <subfield code="a">Kiến trúc</subfield>
  </datafield>
  <datafield tag="942" ind1=" " ind2=" ">
   <subfield code="2">ddc</subfield>
   <subfield code="c">BK</subfield>
  </datafield>
  <datafield tag="952" ind1=" " ind2=" ">
   <subfield code="0">0</subfield>
   <subfield code="1">0</subfield>
   <subfield code="2">ddc</subfield>
   <subfield code="4">0</subfield>
   <subfield code="6">697_900000000000000_C454</subfield>
   <subfield code="7">0</subfield>
   <subfield code="9">9022</subfield>
   <subfield code="a">000001</subfield>
   <subfield code="b">000001</subfield>
   <subfield code="d">2018-05-31</subfield>
   <subfield code="o">697.9 C454</subfield>
   <subfield code="p">MD.08549</subfield>
   <subfield code="r">2018-05-31</subfield>
   <subfield code="v">30000.00</subfield>
   <subfield code="w">2018-05-31</subfield>
   <subfield code="y">BK</subfield>
  </datafield>
  <datafield tag="952" ind1=" " ind2=" ">
   <subfield code="0">0</subfield>
   <subfield code="1">0</subfield>
   <subfield code="2">ddc</subfield>
   <subfield code="4">0</subfield>
   <subfield code="6">697_900000000000000_C454</subfield>
   <subfield code="7">0</subfield>
   <subfield code="9">9023</subfield>
   <subfield code="a">000001</subfield>
   <subfield code="b">000001</subfield>
   <subfield code="d">2018-05-31</subfield>
   <subfield code="o">697.9 C454</subfield>
   <subfield code="p">MD.08550</subfield>
   <subfield code="r">2018-05-31</subfield>
   <subfield code="v">30000.00</subfield>
   <subfield code="w">2018-05-31</subfield>
   <subfield code="y">BK</subfield>
  </datafield>
  <datafield tag="952" ind1=" " ind2=" ">
   <subfield code="0">0</subfield>
   <subfield code="1">0</subfield>
   <subfield code="2">ddc</subfield>
   <subfield code="4">0</subfield>
   <subfield code="6">697_900000000000000_C454</subfield>
   <subfield code="7">0</subfield>
   <subfield code="9">9024</subfield>
   <subfield code="a">000001</subfield>
   <subfield code="b">000001</subfield>
   <subfield code="d">2018-05-31</subfield>
   <subfield code="o">697.9 C454</subfield>
   <subfield code="p">MD.08551</subfield>
   <subfield code="r">2018-05-31</subfield>
   <subfield code="v">30000.00</subfield>
   <subfield code="w">2018-05-31</subfield>
   <subfield code="y">BK</subfield>
  </datafield>
  <datafield tag="952" ind1=" " ind2=" ">
   <subfield code="0">0</subfield>
   <subfield code="1">0</subfield>
   <subfield code="2">ddc</subfield>
   <subfield code="4">0</subfield>
   <subfield code="6">697_900000000000000_C454</subfield>
   <subfield code="7">0</subfield>
   <subfield code="9">9025</subfield>
   <subfield code="a">000001</subfield>
   <subfield code="b">000001</subfield>
   <subfield code="d">2018-05-31</subfield>
   <subfield code="o">697.9 C454</subfield>
   <subfield code="p">MD.08552</subfield>
   <subfield code="r">2018-05-31</subfield>
   <subfield code="v">30000.00</subfield>
   <subfield code="w">2018-05-31</subfield>
   <subfield code="y">BK</subfield>
  </datafield>
  <datafield tag="980" ind1=" " ind2=" ">
   <subfield code="a">Thư viện Trường Đại học Nam Cần Thơ</subfield>
  </datafield>
 </record>
</collection>
